Microbial Endocrinology: Interkingdom Signaling in Infectious Disease and Health

This new edition highlights the numerous advances made in the field of microbial endocrinology over the last five years. Prominent among these new topics featured is the emergence of the microbiota-gut-brain axis and the role it plays in brain function. Specific focus is given to the role of microbi...

Πλήρης περιγραφή

Λεπτομέρειες βιβλιογραφικής εγγραφής
Συγγραφή απο Οργανισμό/Αρχή: SpringerLink (Online service)
Άλλοι συγγραφείς: Lyte, Mark (Επιμελητής έκδοσης)
Μορφή: Ηλεκτρονική πηγή Ηλ. βιβλίο
Γλώσσα:English
Έκδοση: Cham : Springer International Publishing : Imprint: Springer, 2016.
Έκδοση:2nd ed. 2016.
Σειρά:Advances in Experimental Medicine and Biology, 874
Θέματα:
Διαθέσιμο Online:Full Text via HEAL-Link
LEADER 03605nam a22005415i 4500
001 978-3-319-20215-0
003 DE-He213
005 20151120193007.0
007 cr nn 008mamaa
008 151120s2016 gw | s |||| 0|eng d
020 |a 9783319202150  |9 978-3-319-20215-0 
024 7 |a 10.1007/978-3-319-20215-0  |2 doi 
040 |d GrThAP 
050 4 |a QR46 
072 7 |a MMFM  |2 bicssc 
072 7 |a MED052000  |2 bisacsh 
082 0 4 |a 616.9041  |2 23 
245 1 0 |a Microbial Endocrinology: Interkingdom Signaling in Infectious Disease and Health  |h [electronic resource] /  |c edited by Mark Lyte. 
250 |a 2nd ed. 2016. 
264 1 |a Cham :  |b Springer International Publishing :  |b Imprint: Springer,  |c 2016. 
300 |a XIII, 374 p. 47 illus., 23 illus. in color.  |b online resource. 
336 |a text  |b txt  |2 rdacontent 
337 |a computer  |b c  |2 rdamedia 
338 |a online resource  |b cr  |2 rdacarrier 
347 |a text file  |b PDF  |2 rda 
490 1 |a Advances in Experimental Medicine and Biology,  |x 0065-2598 ;  |v 874 
505 0 |a Microbial Endocrinology: An Ongoing Personal Journey -- New Trends and Perspectives in Evolutionary Considerations of Neurotransmitters in Microbial, Plant and Animal Cells -- Catecholamine-directed Epithelial Cell Interactions With Bacteria in the Intestinal Mucosa -- Modulation of the Interaction of Enteric Bacteria with Intestinal Mucosa -- Dietary Catechols and their Relationship to Microbial Endocrinology -- Mechanisms by Which Catecholamines Induce Growth in Gram-Negative and Gram-Positive Human Pathogens -- Molecular Profiling: Catecholamine Modulation of Gene Expression in Escherichia coli O157:H7 and Salmonella enterica serovar Typhimurium -- Microbial Endocrinology of Pseudomonas aeruginosa -- Interkingdom Chemical Signaling in Enterohemorrhagic Escherichia coli O157:H7 -- Role of Microbial Endocrinology in Periodontal Disease -- Staphylococci, Catecholamine Inotropes and Hospital-Acquired Infections -- Experimental Design Considerations for In Vitro Microbial -- The Role of the Microbiome in the Relationship of Asthma and Affective Disorders -- Psychological Stress, Immunity and Effects on Indigenous Flora -- Microbiome to Brain: Unraveling the Multidirectional Axes of Communication -- Mycologic Endocrinology. 
520 |a This new edition highlights the numerous advances made in the field of microbial endocrinology over the last five years. Prominent among these new topics featured is the emergence of the microbiota-gut-brain axis and the role it plays in brain function. Specific focus is given to the role of microbial endocrinology in the evolutionary symbiosis between man and microbe as it relates to both health and disease. With new chapters on the microbiome and its relation to neurochemicals, this new edition brings this important volume up to date. 
650 0 |a Medicine. 
650 0 |a Immunology. 
650 0 |a Medical microbiology. 
650 0 |a Virology. 
650 0 |a Infectious diseases. 
650 0 |a Neurobiology. 
650 1 4 |a Biomedicine. 
650 2 4 |a Medical Microbiology. 
650 2 4 |a Immunology. 
650 2 4 |a Neurobiology. 
650 2 4 |a Infectious Diseases. 
650 2 4 |a Virology. 
700 1 |a Lyte, Mark.  |e editor. 
710 2 |a SpringerLink (Online service) 
773 0 |t Springer eBooks 
776 0 8 |i Printed edition:  |z 9783319202143 
830 0 |a Advances in Experimental Medicine and Biology,  |x 0065-2598 ;  |v 874 
856 4 0 |u http://dx.doi.org/10.1007/978-3-319-20215-0  |z Full Text via HEAL-Link 
912 |a ZDB-2-SBL 
950 |a Biomedical and Life Sciences (Springer-11642)